Words that end in 'GHT' - Statistics

General Stats
  • This quiz has been taken 52 times
  • The average score is 15 of 20
Answer Stats
Hint Answer % Correct
4) Some stars are not as '..........' as others? Bright
98%
2) 'Two weeks' is known as a '............. ' ? Fortnight
95%
9) No rain for three months, we are in a '...........'? Drought
93%
15) As sure as '............' follows day? Night
93%
5) You need a pair of scales to check your '............' ? Weight
93%
19) Sir Galahad was her '.............' in shining armour? Knight
91%
12) Shakespeare was a prolific '.......................'? Playwright
88%
8) With a gift, it is the '.................' that counts? Thought
86%
20) The fisherman '.............' more fish before dawn than after? Caught
84%
3) He went to the optometrist to have his '........' checked? Eyesight
81%
11) The sudden explosion gave her such a '...........'? Fright
79%
6) After sunset but not yet dark, it is known as '.............'? Twilight
77%
16) At sea it is 'Starboard'? Right
72%
18) The magician showed wonderful '...............' of hand? Sleight
67%
7) In Poker a '..............' beats 3 of a kind? Straight
65%
10) The window was open causing a cool '................'? Draught
63%
17) In Madrid although banned in most countries it is still possible to go to a '..............'? Bullfight
58%
1) An Olympic rowing team is known as an '...........' ? Eight
56%
13) On the desk was a beautiful Murano glass millifiori '........................'? Paperweight
35%
14) An iron alloy with a very low carbon content in contrast to cast iron is called '..................' iron? Wrought
28%
No matching quizzes found
Score Distribution
Percent of People with Each Score
Percentile by Number Answered
Your Score History
You have not taken this quiz